Consejo de Estado

Bibliographic Details
Format: eBook
Language:Spanish
Published: Barcelona : vLex
Subjects:
Online Access:Acceso restringido

MARC

LEADER 00000nam a22000007a 4500
005 20120127142339.0
007 cr|||| ||||
008 120127c19879999sp |||||s|||| 0|||0 spa d
035 |a 5769 
040 |a vLex 
090 |c 2961  |d 2961 
245 0 0 |a Consejo de Estado  |h [Recurso electrn̤ico]  
256 |a Servicio en ln̕ea 
260 |a Barcelona :  |b vLex 
300 |a 1 recurso electrn̤ico 
500 |a Dictm̀enes del Consejo de Estado des de 1987 hasta la actualidad 
506 1 |a Contenido solo disponible en los productos indicados  |d vLex Global   |d vLex Global (Academic Edition, excluding Law Schools)   |d vLex Global (U.S. Academic Edition, Law Schools)   |d vLex Global (U.S. Academic Edition, excluding Law Schools)   |d vLex Global (Academic Edition, Law Schools)  
610 1 4 |a Espaą  |b Consejo de Estado 
650 0 4 |a Dictm̀enes 
740 0 |a vLex Jurisprudencia (Servicios en ln̕ea) 
856 4 0 |u http://vlex.com/source/consejo-estado-5769  |z Acceso restringido 
942 |c TR 
999 0 |a Jurisprudence  |b Spain